书目信息 |
| 题名: |
化学工程基础
|
|
| 作者: | 王定锦 编 | |
| 分册: | ||
| 出版信息: | 北京 高等教育出版社 1992.10 |
|
| 页数: | 394页 | |
| 开本: | 26cm | |
| 丛书名: | ||
| 单 册: | ||
| 中图分类: | TQ02 | |
| 科图分类: | 81.17 | |
| 主题词: | 化学工程--高等学校--教材 | |
| 电子资源: | ||
| ISBN: | 7-04-003934-6 | |
| 000 | 00693nam0 2200241 45 | |
| 001 | 0193017797 | |
| 005 | 20070724084510.79 | |
| 010 | @a7-04-003934-6@dCNY17.50 | |
| 100 | @a19800101d1992 em y0chiy0121 ea | |
| 101 | 0 | @achi |
| 102 | @aCN@b110000 | |
| 105 | @ak z 000yy | |
| 200 | 10 | @a化学工程基础@AHUA XUE GONG CHENG JI CHU@f王定锦编@FWANG DING JIN BIAN |
| 210 | @a北京@c高等教育出版社@d1992.10@h1996 | |
| 215 | @a394页@d26cm | |
| 300 | @a高等学校教材 | |
| 540 | 1 | @a化学 工程@AHUA XUE GONG CHENG |
| 606 | @a化学工程@x高等学校@x教材 | |
| 690 | @aTQ02@v三版 | |
| 692 | @a81.17 | |
| 701 | 0 | @a王定锦@AWANG DING JIN@4编 |
| 801 | 0 | @aCN@bTSSF@c20070724 |
| 905 | @a10447@dTQ02@e163 | |
| 化学工程基础/王定锦编.-北京:高等教育出版社,1992.10(1996) |
| 394页;26cm |
| 高等学校教材 |
| ISBN 7-04-003934-6:CNY17.50 |
| ● |
| 相关链接 |
|
|
|
|
正题名:化学工程基础
索取号:TQ02/163
 
预约/预借
| 序号 | 登录号 | 条形码 | 馆藏地/架位号 | 状态 | 备注 |
| 1 | 0768470 | 207684709 | 第二样本阅览室/ [索取号:TQ02/163] | 在馆 |